000 006380000a22002410004500
003 LK-CoMWRAF
005 20231008171535.0
008 230817t2004 ||||| |||| 00| 0 eng d
020 _a0415202841
040 _aLK-CoMWRAF
_dLK-CoMWRAF
_eLK-CoMWRAF
041 _aeng
082 _a181
_bCOL
100 _aCollinson, Diané
245 _aFifty Great Eastern Thinkers
260 _aNew York:
_bRoutledge,
_c2004
300 _a xvii, 425 p. ; 23 cm.
650 _aPHILOSOPHY,ASIAN
650 _aPhilosophers--Asia--Biography.
650 _aAsia--Religion.
700 _aPlant, Kathryn
700 _aWilkinson, Robert
942 _cBK
999 _c744
_d744